The international corporation
Tallennettuna:
| Päätekijä: | |
|---|---|
| Aineistotyyppi: | Kirja |
| Kieli: | englanti |
| Julkaistu: |
Cambridge
M.I.T. Press
1970
|
| Aiheet: | |
| Tagit: |
Lisää tagi
Ei tageja, Lisää ensimmäinen tagi!
|
MARC
| LEADER | 00000nam a2200000 a 4500 | ||
|---|---|---|---|
| 001 | UCR8791 | ||
| 003 | CL-VaPUC | ||
| 008 | 980529e19700000US |||||||||||||||||eng|d | ||
| 082 | 0 | 4 | |a 338.8 |b KIN |2 21 |
| 100 | |a Kindleberger, Charles P |e author |9 618222 | ||
| 245 | 1 | 4 | |a The international corporation |
| 300 | |a 415 p | ||
| 942 | |c BK | ||
| 945 | |d 19980529 00:00:00 |a crobeson | ||
| 260 | |a Cambridge |b M.I.T. Press |c 1970 | ||
| 650 | 0 | |a Corporaciones |9 257298 | |
| 650 | 0 | |a Finanzas internacionales |9 255570 | |
| 650 | 7 | |a INVERSIOES EXTRANJERAS |2 CL-VaPUC |9 410988 | |
| 650 | 0 | |a Derecho y legislación |9 255077 | |
| 650 | 0 | |a Balanza de pagos |9 316476 | |
| 650 | 0 | |a Multinacionales |9 256382 | |
| 583 | |a last modification |c 19980529 00:00:00 |k Rodrigo Vera | ||
| 999 | |c 270184 |d 270182 | ||